000 01174nam a2200337 i 4500
001 25504
003 KOSZ 005
005 20190725094440.0
008 070731s1971 pl a f f 001 0 pol
015 _aPB 1972/660
040 _aWA N
_cWA N
_dKOSZ 005/RW
046 _k1971
080 _a621.315
100 1 _aAntoniewicz, Jerzy
_eAutor
245 1 0 _aWłasności dielektryków :
_btablice i wykresy /
_cJerzy Antoniewicz.
260 _aWarszawa :
_bWydawnictwa Naukowo-Techniczne,
_c1971.
300 _aXIII, [3], 690, [2] stron :
_bilustracje ;
_c25 cm.
336 _aTekst
_btxt
_2rdacontent
337 _aBez urządzenia pośredniczącego
_bn
_2rdamedia
338 _aWolumin
_bnc
_2rdacarier
380 _aKsiążki
380 _aPublikacje naukowe
504 _aBibliografia na stronie [675]. Indeks.
650 4 _aDielektryki
650 4 _aMateriały elektroizolacyjne
658 _aFizyka i astronomia
658 _aInżynieria i technika
710 2 _aWydawnictwa Naukowo-Techniczne
_4pbl.
856 _uhttp://koha.tu.koszalin.pl/cgi-bin/koha/opac-detail.pl?biblionumber=25504
_yKatalog online BPK
942 _2UKD
_cKS
999 _c25504
_d25504